SC Freiburg Trainer - Statistiken

Allgemein
  • Dieses Quiz wurde 75 mal gespielt
  • Das Durchschnittsergebnis liegt bei 4 aus 5
Antwortstatistiken
Hint Antwort % Korrekt
12.2011 - 07.2024 Christian Streich
98%
08.2024 - Julian Schuster
94%
07.1991 - 06.2007 Volker Finke
86%
07.2007 - 06.2011 Robin Dutt
73%
07.2011 - 12.2011 Marcus Sorg
53%
Keine übereinstimmenden Quizze gefunden
Verteilung der Resultate
Anzahl Personen mit jedem Resultat
Perzentil nach korrekt beantworteten Fragen
Ihre Resultats-Entwicklung
Sie haben dieses Quiz noch nicht gespielt